Cesty videa /

Saved in:
Bibliographic Details
Main Authors: Neumann, Karel (Author), Kulík, Tomáš (Author), Zeman, Tomáš (Author)
Format: Book
Language:Czech
Published: Praha : NADAS, 1989
Tags: Add Tag
No Tags, Be the first to tag this record!

MARC

LEADER 00000nam a22000003a 4500
001 stu1932
005 20150617225619.8
008 920610s1989----cs------------------cze-d
040 |a STU  |b slo 
041 0 |a cze 
044 |a cs 
080 |a 621.397.45 
100 1 |a Neumann, Karel  |4 aut 
245 1 |a Cesty videa /  |c [aut.] Neumann,Karel; Kulík,Tomáš; Zeman,Tomáš 
260 |a Praha :  |b NADAS,  |c 1989 
300 |a 154 s 
700 1 |a Kulík, Tomáš  |4 aut 
700 1 |a Zeman, Tomáš  |4 aut 
996 |b 284EK04890  |c E*70771  |l EE01  |s A  |a 24  |w stu1932_0001